Detalles MARC
| 000 -Cabecera |
| Campo de control de longitud fija |
01338nam a22004697a 4500 |
| 005 - Fecha y hora de la última transacción |
| Campo de control |
20250818181734.0 |
| 008 - Elementos de longitud fija--Información general |
| Campo de control de longitud fija |
150311b2011 xxu||||| |||| 00| 0 spa d |
| 020 ## - International Standard Book Number |
| Número Internacional Estándar del Libro (ISBN) |
9788415141006 |
| 041 ## - Idioma |
| Código de idioma |
Español |
| 082 ## - Clasificación Decimal Dewey |
| Número de clasificación |
616.025 M938t |
| 100 ## - Entrada principal--Autor personal |
| Nombre personal |
Moya, Manuel S |
| 9 (RLIN) |
44360 |
| 100 ## - Entrada principal--Autor personal |
| Nombre personal |
Piñera, Pascual |
| 100 ## - Entrada principal--Autor personal |
| Nombre personal |
Mariné, Miguel |
| 9 (RLIN) |
44362 |
| 245 ## - Título propiamente dicho |
| Título |
Tratado de medicina de urgencias |
| 260 ## - Pie de imprenta |
| Lugar de publicación, distribución, etc. |
España |
| 260 ## - Pie de imprenta |
| Nombre del editor, distribuidor, etc. |
Océano |
| 260 ## - Pie de imprenta |
| Fecha de publicación, distribución, etc. |
2011 |
| 300 ## - Descripción física |
| Extensión |
1729 páginas |
| 300 ## - Descripción física |
| Otras características físicas |
Ilustraciones |
| 300 ## - Descripción física |
| Material acompañante |
Disco compacto N°594 |
| 490 ## - Serie |
| Título de la Serie |
Temática General |
| 650 ## - Materia general |
| Temática (materia general) |
MEDICINA DE URGENCIAS |
| 650 ## - Materia general |
| Temática (materia general) |
CATÁSTROFES |
| 650 ## - Materia general |
| Temática (materia general) |
LESIONES MÚLTIPLES |
| 650 ## - Materia general |
| Temática (materia general) |
SALUD LABORAL |
| 650 ## - Materia general |
| Temática (materia general) |
PERSONAL SANITARIO |
| 650 ## - Materia general |
| Temática (materia general) |
TÉCNICAS Y PROCEDIMIENTOS |
| 650 ## - Materia general |
| Temática (materia general) |
EXPLORACIONES DE LABORATORIO |
| 650 ## - Materia general |
| Temática (materia general) |
SOPORTE VITAL |
| 650 ## - Materia general |
| Temática (materia general) |
ESTADO DE SHOCK |
| 650 ## - Materia general |
| Temática (materia general) |
URGENCIAS CARDIOVASCULARES |
| 650 ## - Materia general |
| Temática (materia general) |
URGENCIAS DEL APARATO RESPIRATORIO |
| 650 ## - Materia general |
| Temática (materia general) |
URGENCIAS DEL APARATO DIGESTIVO |
| 650 ## - Materia general |
| Temática (materia general) |
URGENCIAS NEUROLÓGICAS |
| 650 ## - Materia general |
| Temática (materia general) |
URGENCIAS ENDOCRINOMETABÓLICAS |
| 650 ## - Materia general |
| Temática (materia general) |
URGENCIAS NEFROUROLÓGICAS |
| 650 ## - Materia general |
| Temática (materia general) |
URGENCIAS INFECCIOSAS |
| 650 ## - Materia general |
| Temática (materia general) |
INTOXICACIÓN AGUDA |
| 650 ## - Materia general |
| Temática (materia general) |
ENVENENAMIENTO |
| 650 ## - Materia general |
| Temática (materia general) |
FARMACOLOGÍA DE URGENCIAS |
| 942 ## - Punto de acceso adicional KOHA |
| Tipo de ítem KOHA |
Libro |
| Fuente del sistema de clasificación o colocación |
Dewey Decimal Classification |